| 000 | 00555nam a22002057a 4500 | ||
|---|---|---|---|
| 005 | 20230622120909.0 | ||
| 008 | 230619b |||||||| |||| 00| 0 eng d | ||
| 020 |
_a9788121212168 _cRs.550.00 |
||
| 040 | _aLoreto college | ||
| 041 | _aEnglish | ||
| 082 |
_a915.416 _bSEN |
||
| 100 | _aSengupta, Sarthak | ||
| 245 |
_aEthnicity in North east India _cSarthak Sengupta |
||
| 260 |
_aNew Delhi _bGyan publishing _c2014 |
||
| 300 |
_a183p. _b22cm. |
||
| 500 | _aIncludes index | ||
| 650 | _aEthnicity- India, Northeast | ||
| 850 | _aLCLIB | ||
| 942 | _cBK | ||
| 999 |
_c43349 _d93828 |
||